A-Z Wikipedia Famous Person Quiz - عربي - Statistics

الإحصائيات العامة
  • هذا الإختبار تم الخضوع له 208 مره
  • الدرجة المتوسطة هي 9 من 31
إحصائيات الإجابة
A-Z Clue / دليل Who? من؟ % صحيح
ا الكائن الأسمى والإله الخالق والموضوع الرئيسي للديانات التوحيدية الله
93%
م خاتم الأنبياء والرسل وفقًا للمعتقد الإسلامي 570-632 محمد
73%
ل لاعب كرة قدم أرجنتيني 1987- ليونيل ميسي
61%
ك لاعب كرة قدم برتغالي 1985- كريستيانو رونالدو
59%
أ عالم فيزياء نظرية، ألمانى المولد، ومطور نظرية النسبية 1879-1955 ألبرت أينشتاين
55%
س ملك المملكة العربية السعودية 1935- سلمان بن عبد العزيز آل سعود
50%
ص الرئيس الخامس لجمهورية العراق 1937-2006 صدام حسين
46%
آ لاعب كرة قدم نرويجي 2000- آرلينغ هالاند
43%
ج الرئيس الثاني لجمهورية مصر العربية 1918-1970 جمال عبد الناصر
42%
ذ داعية وخطيب ومناظر إسلامي هندي 1965- ذاكر نايك
34%
ف الملك الثالث للمملكة العربية السعودية 1906-1975 فيصل بن عبد العزيز آل سعود
33%
ن قائد عسكري وسياسي فرنسي إيطالي الأصل و إمبراطور فرنسا تم نفيه إلى جزيرة سانت هيلينا 1769-1821 نابليون بونابرت
32%
ه مغنية لبنانية 1979- هيفاء وهبي
30%
ع مؤسس المملكة العربية السعودية 1875-1953 عبد العزيز آل سعود
27%
د أميرات ويلز 1961-1997 ديانا أميرات ويلز
26%
ت ثوري وزعيم حرب عصابات وكاتب وطبيب 1928-1967 تشي جيفارا
25%
ي زعيم شيوعي، خليفة لينين، مؤسس الاتحاد السوفيتي والمفوض الاول للجنة المركزية حتى عام 1952 م 1858-1953 يوسف ستالين
25%
ق رئيس الجمهورية التونسية 1958- قيس سعيد
24%
و كاتب مسرحي وشاعر انجليزي 1564-1616 وليم شكسبير
23%
ب بارون مخدرات كولومبي 1949-1993 بابلو إسكوبار
21%
ح لاعب كرة قدم مصري سابق و مدرب حالي 1947- حسن شحاتة
17%
ط مغني سعودي 1940-2000 طلال مداح
14%
خ قائد عسكري عثماني ووالي على الجزائر 1466-1546 خير الدين بربروس
13%
ض شاعر وكاتب عثماني 1875-1924 ضياء كوك ألب
11%
ر المرشد الأعلى السابق للثورة الإسلامية في إيران 1902-1989 روح الله الخميني
10%
ز أول حاكم لدولة الإمارات العربية المتحدة 1918-2004 زايد بن سلطان آل نهيان
9%
ث الرئيس ال26 للولايات المتحدة الأمريكية 1858-1919 ثيودور روزفلت
7%
ش سلمان بن عبد العزيز آل سعود 1993- شوقا
1%
ظ مُؤسس سُلالة مغول الهند التيمورية التي حكمت شبه القارة الهندية 1483-1530 ظهير الدين بابر
1%
غ ضابط عسكري روسي راحل 1896-1974 غيورغي جوكوف
1%
ئ هو ملاكم مجري راحل 1913-1979 ئغمري هارانغي
1%
No matching quizzes found
توزيع النقاط
نسبة الأشخاص لكل درجة
النسبة وفقا للأرقام
سجل النقاط الخاصة بك
لم تضخع لهذا الإختبار